000 00974nam a2200289 i 4500
003 OSt
005 20260319085247.0
008 260319s2025 my grb 000 0 may d
020 _a9789670037776
_cRM 35.00
_qpaperback
040 _aPPAK
_beng
_cPPAK
_erda
041 1 _amay
_hara
082 0 0 _223
_a297.57
090 0 0 _a297.57
_bMUT
_dG
100 1 _aMutahhari, Murtada,
_d1920-1979.
_eauthor.
245 1 0 _aTUJUAN HIDUP /
_cMurtada Mutahhari ; Penterjemah Sheikh al-Saggaf
264 1 _aKuala Lumpur :
_bIBDE Ilham Sdn. Bhd.,
_c2025
300 _a94 pages ;
_c23 cm
336 _atext
_2rdacontent
337 _aunmediated
_2rdamedia
338 _avolume
_2rdacarrier
500 _aContains verses from the Qur'an and quotes from the Hadith.
650 1 0 _aMuslims
_xConduct of life
650 2 0 _aReligious life
_xIslam
700 0 _aSheikh al-Saggaf,
_etranslator.
765 0 _tHadaf-e Zendegi
_aMutahhari, Murtada,
942 _2ddc
_cB
999 _c203481
_d203481